[Event "Aeroflot Open 2016 B"]
[Site "Moscu RUS"]
[Date "2016.03.02"]
[Round "2.23"]
[White "Petrosyan, Manuel"]
[Black "Gurvich, Vitaly"]
[Result "0-1"]
[WhiteElo "2484"]
[BlackElo "2338"]
[PlyCount "90"]
[EventDate "2016.03.01"]
[EventType "swiss"]
[EventRounds "9"]
[EventCountry "RUS"]
[Source "lmi"]
[SourceDate "2016.03.01"]

1. d4 Nf6 2. c4 e6 3. Nf3 Bb4+ 4. Nbd2 a5 5. a3 Be7 6. e4 d5 7. cxd5 exd5 8. e5
Nfd7 9. Nb1 Nb6 10. Nc3 Bf5 11. Bd3 Bxd3 12. Qxd3 O-O 13. O-O c6 14. Ne2 Na6
15. Ng3 Nc7 16. a4 g6 17. Bh6 Re8 18. Nd2 Ne6 19. f4 c5 20. dxc5 Bxc5+ 21. Kh1
Qh4 22. Bg5 Nxg5 23. fxg5 Qxg5 24. Rae1 Bb4 25. Nf3 Qe7 26. Re2 Rad8 27. b3 Rc8
28. Qe3 Nd7 29. Qh6 Qf8 30. Qh3 Re7 31. e6 fxe6 32. Ng5 Qe8 33. Rxe6 Bd2 34.
Rxe7 Qxe7 35. Nf3 Bc3 36. Qg4 Rc6 37. Nf5 Qe6 38. N3h4 Nf6 39. Qg5 Qe2 40. Nh6+
Kf8 41. Rg1 Bd2 42. Nxg6+ hxg6 43. Qxg6 Qh5 44. Qg3 Bxh6 45. Qb8+ Qe8 0-1

[Event "Aeroflot Open 2016 B"]
[Site "Moscu RUS"]
[Date "2016.03.02"]
[Round "2.24"]
[White "Mammadzada, Gunay"]
[Black "Hayrapetyan, Hovik"]
[Result "0-1"]
[WhiteElo "2345"]
[BlackElo "2480"]
[PlyCount "160"]
[EventDate "2016.03.01"]
[EventType "swiss"]
[EventRounds "9"]
[EventCountry "RUS"]
[Source "lmi"]
[SourceDate "2016.03.01"]

1. e4 c5 2. Nf3 e6 3. d4 cxd4 4. Nxd4 a6 5. Bd3 Nf6 6. O-O Qc7 7. Qe2 d6 8. c4
g6 9. Nc3 Bg7 10. Nf3 O-O 11. Bf4 Nh5 12. Bd2 b6 13. Rac1 Bb7 14. Rfd1 Nd7 15.
Be3 Rac8 16. Bb1 Rfe8 17. Qd2 Bf8 18. b3 Qb8 19. Nd4 Be7 20. f3 Bd8 21. Bd3 Bc7
22. g3 Nhf6 23. Bf2 Qa8 24. Re1 Bb8 25. Bf1 Rcd8 26. Nc2 d5 27. exd5 exd5 28.
Rxe8+ Rxe8 29. cxd5 Ne5 30. Ne1 Nxd5 31. Nxd5 Bxd5 32. Bxb6 Bxf3 33. Bg2 Bxg2
34. Qxg2 Ba7 35. Bxa7 Qxa7+ 36. Qf2 Qb7 37. h3 Qb4 38. Rd1 Qe4 39. Kh2 Rc8 40.
Qg2 Qf5 41. Rd4 Qb1 42. Re4 Re8 43. Re2 Qd1 44. Kh1 Re6 45. Re3 h5 46. Qe2 Qd5+
47. Nf3 f6 48. Qd2 Qc6 49. Qc3 Qb7 50. Kh2 Rc6 51. Qd2 Qc7 52. Qd5+ Nf7 53. Nd4
Rd6 54. Qe4 Ne5 55. Nf3 Nxf3+ 56. Qxf3 h4 57. Re8+ Kf7 58. Re2 Rd1 59. Kg2 hxg3
60. Qe4 Qd7 61. Kxg3 a5 62. Kg2 Rd4 63. Qf3 f5 64. Qe3 Re4 65. Qf3 Rd4 66. Qe3
Qd5+ 67. Qf3 Qxf3+ 68. Kxf3 Kf6 69. Rc2 Rd3+ 70. Kg2 Kg5 71. Rf2 f4 72. Rf3 Rd4
73. a3 Kh4 74. Rc3 Rd2+ 75. Kf3 g5 76. Ke4 Ra2 77. b4 axb4 78. axb4 Rb2 79. Kf5
Rxb4 80. Rd3 Rb1 0-1

[Event "Aeroflot Open 2016 B"]
[Site "Moscu RUS"]
[Date "2016.03.02"]
[Round "2.25"]
[White "Iljiushenok, Ilia"]
[Black "Raja, Harshit"]
[Result "1-0"]
[WhiteElo "2479"]
[BlackElo "2341"]
[PlyCount "73"]
[EventDate "2016.03.01"]
[EventType "swiss"]
[EventRounds "9"]
[EventCountry "RUS"]
[Source "lmi"]
[SourceDate "2016.03.01"]

1. d4 d5 2. c4 c6 3. Nf3 Nf6 4. e3 Bg4 5. h3 Bh5 6. Nc3 e6 7. Qb3 Qb6 8. Nh4
Qxb3 9. axb3 Na6 10. g4 Nb4 11. Ke2 g5 12. gxh5 gxh4 13. Bg2 Nd7 14. Bd2 Be7
15. Ra5 Bd8 16. Ra4 Na6 17. Rha1 Nb6 18. Rxa6 bxa6 19. Rxa6 Rg8 20. Bf3 Kd7 21.
c5 Nc8 22. b4 Rb8 23. b5 cxb5 24. b4 Ne7 25. Kf1 Nc6 26. Be2 Nxb4 27. Rxa7+ Kc6
28. Rxf7 Na6 29. Rxh7 Bc7 30. Re7 Bh2 31. Bxb5+ Rxb5 32. Rxe6+ Kd7 33. Rxa6 Rb2
34. Nxd5 Rf8 35. Ke2 Bg3 36. f4 Rh8 37. c6+ 1-0

[Event "Aeroflot Open 2016 B"]
[Site "Moscu RUS"]
[Date "2016.03.02"]
[Round "2.26"]
[White "Zhang, Ziji"]
[Black "Papin, Vasily"]
[Result "1/2-1/2"]
[WhiteElo "2283"]
[BlackElo "2476"]
[PlyCount "64"]
[EventDate "2016.03.01"]
[EventType "swiss"]
[EventRounds "9"]
[EventCountry "RUS"]
[Source "lmi"]
[SourceDate "2016.03.01"]

1. d4 Nf6 2. c4 e6 3. Nc3 Bb4 4. Qc2 c5 5. dxc5 Bxc5 6. Nf3 Qc7 7. e3 a6 8. b3
b6 9. Bb2 Bb7 10. Bd3 Be7 11. Ne4 Nc6 12. Nxf6+ Bxf6 13. a3 Ne5 14. Nxe5 Bxe5
15. Bxe5 Qxe5 16. O-O Rc8 17. Qd2 O-O 18. f4 Qc7 19. Rac1 Rfd8 20. b4 d6 21. f5
exf5 22. Bxf5 Rb8 23. Rf4 Qe7 24. Rd4 Bxg2 25. Kxg2 Qg5+ 26. Bg4 h5 27. h4 Qg6
28. c5 hxg4 29. cxd6 Qf6 30. Qf2 Rxd6 31. Qxf6 Rxf6 32. Rxg4 Re6 1/2-1/2

[Event "Aeroflot Open 2016 B"]
[Site "Moscu RUS"]
[Date "2016.03.02"]
[Round "2.27"]
[White "Golubov, Saveliy"]
[Black "Ovod, Evgenija"]
[Result "1-0"]
[WhiteElo "2469"]
[BlackElo "2324"]
[PlyCount "89"]
[EventDate "2016.03.01"]
[EventType "swiss"]
[EventRounds "9"]
[EventCountry "RUS"]
[Source "lmi"]
[SourceDate "2016.03.01"]

1. e4 e5 2. Nf3 Nc6 3. Bc4 Bc5 4. O-O Nf6 5. d3 a6 6. c3 Ba7 7. Re1 O-O 8. h3
h6 9. Nbd2 Re8 10. Bb3 d6 11. Nf1 Be6 12. Bc2 d5 13. exd5 Qxd5 14. Qe2 Rad8 15.
Ng3 b5 16. Be3 Bxe3 17. Qxe3 Bc8 18. Nh4 Bb7 19. Ngf5 Ne7 20. Qg3 Nxf5 21. Nxf5
Nh5 22. Qg4 Qc6 23. d4 exd4 24. Nxd4 Qd5 25. Nf5 Qd2 26. Ne7+ Kf8 27. Qxh5 Qxc2
28. Qc5 Be4 29. Nc6+ Rd6 30. Nd4 Qxb2 31. f3 Bd3 32. Qxc7 Red8 33. Rad1 Rxd4
34. Qc5+ Kg8 35. cxd4 Bc4 36. a3 a5 37. d5 Bb3 38. Rb1 Qd2 39. Qxb5 Rxd5 40.
Qe8+ Kh7 41. Rxb3 Rg5 42. Qe2 Rxg2+ 43. Kxg2 Qg5+ 44. Kh1 Qg3 45. Rg1 1-0

[Event "Aeroflot Open 2016 B"]
[Site "Moscu RUS"]
[Date "2016.03.02"]
[Round "2.28"]
[White "Ulko, Jaroslav"]
[Black "Demianjuk, Alexander"]
[Result "1-0"]
[WhiteElo "2452"]
[BlackElo "2336"]
[PlyCount "103"]
[EventDate "2016.03.01"]
[EventType "swiss"]
[EventRounds "9"]
[EventCountry "RUS"]
[Source "lmi"]
[SourceDate "2016.03.01"]

1. Nf3 Nf6 2. c4 g6 3. Nc3 Bg7 4. e4 d6 5. d4 O-O 6. Be2 e5 7. O-O Nc6 8. d5
Ne7 9. b4 Nh5 10. Re1 f5 11. Ng5 Nf6 12. Bf3 c6 13. b5 cxd5 14. cxd5 h6 15. Ne6
Bxe6 16. dxe6 fxe4 17. Nxe4 Nxe4 18. Bxe4 d5 19. Ba3 dxe4 20. Qxd8 Rfxd8 21.
Bxe7 Re8 22. Bc5 Rxe6 23. Rac1 a6 24. b6 Bf6 25. Be3 Bd8 26. Rb1 Rc8 27. Red1
Bg5 28. Rd7 Re7 29. Rxe7 Bxe7 30. Bxh6 g5 31. h4 gxh4 32. Rd1 Rc6 33. Be3 Bd6
34. Kh2 Kf7 35. Kh3 Ke6 36. Kxh4 Rc8 37. g4 Bc5 38. g5 Rh8+ 39. Kg4 Be7 40. a4
Rg8 41. Rh1 Bf8 42. Rh7 Be7 43. Kh5 Rd8 44. Kg4 Rd1 45. Rh6+ Kd5 46. Kf5 Rf1
47. Re6 Bd6 48. g6 Rg1 49. Rxd6+ Kxd6 50. Kf6 Kd5 51. g7 Kc4 52. Bg5 1-0

[Event "Aeroflot Open 2016 B"]
[Site "Moscu RUS"]
[Date "2016.03.02"]
[Round "2.29"]
[White "Guo, Qi"]
[Black "Mirzoyan, David"]
[Result "1/2-1/2"]
[WhiteElo "2435"]
[BlackElo "2241"]
[PlyCount "82"]
[EventDate "2016.03.01"]
[EventType "swiss"]
[EventRounds "9"]
[EventCountry "RUS"]
[Source "lmi"]
[SourceDate "2016.03.01"]

1. d4 Nf6 2. c4 e6 3. Nf3 b6 4. a3 Bb7 5. Nc3 d5 6. Bg5 Be7 7. e3 O-O 8. Rc1
Nbd7 9. cxd5 exd5 10. Bd3 c5 11. O-O Ne4 12. Bxe7 Qxe7 13. dxc5 Nxc3 14. Rxc3
bxc5 15. Qc2 g6 16. Bb5 d4 17. exd4 Bxf3 18. Rxf3 cxd4 19. Qc7 Rfd8 20. Rd1 Qc5
21. Qxc5 Nxc5 22. b4 Ne6 23. Rfd3 Rac8 24. g3 Rd6 25. h4 Rc7 26. Kg2 Rb6 27.
Ba4 a5 28. bxa5 Ra6 29. Bb5 Rxa5 30. a4 Raa7 31. R3d2 Rc5 32. Rb2 Rc3 33. Rb4
Ra3 34. Rc4 Kg7 35. Rd2 h5 36. Rc6 d3 37. Rc4 Kf6 38. Kf3 Rc7 39. Rxc7 Nxc7 40.
Ke4 Nxb5 41. axb5 Rb3 1/2-1/2

[Event "Aeroflot Open 2016 B"]
[Site "Moscu RUS"]
[Date "2016.03.02"]
[Round "2.30"]
[White "Oganisian, Roman"]
[Black "Li, Di"]
[Result "0-1"]
[WhiteElo "2337"]
[BlackElo "2428"]
[PlyCount "88"]
[EventDate "2016.03.01"]
[EventType "swiss"]
[EventRounds "9"]
[EventCountry "RUS"]
[Source "lmi"]
[SourceDate "2016.03.01"]

1. d4 Nf6 2. c4 g6 3. Nc3 d5 4. Bf4 Bg7 5. Rc1 O-O 6. Nf3 c5 7. cxd5 Nxd5 8.
Nxd5 Qxd5 9. Rxc5 Qxa2 10. Qc1 Na6 11. Rc3 Nb4 12. e4 Qe6 13. Qe3 Qa2 14. Be2
Qxb2 15. O-O a5 16. Rb3 Qa2 17. Ra3 Qb2 18. Rb3 Qa2 19. Ra3 Qb2 20. Rb3 Qa2 21.
Ra3 Qe6 22. d5 Qd7 23. Qb6 Qg4 24. g3 e5 25. Bd2 Nc2 26. Ra4 Bd7 27. h3 Qxh3
28. Rc4 Nd4 29. Rxd4 exd4 30. Ng5 Qh6 31. Rd1 d3 32. Bf3 a4 33. Qxb7 a3 34.
Nxf7 Qxd2 35. Rxd2 a2 36. Rxa2 Rxa2 37. Ng5 Bh6 38. Ne6 Rxf3 39. Qxd7 Raxf2 40.
Qe8+ Bf8 41. Nxf8 Rxf8 42. Qe6+ Kg7 43. Qe5+ Kh6 44. Qd4 d2 0-1

[Event "Aeroflot Open 2016 B"]
[Site "Moscu RUS"]
[Date "2016.03.02"]
[Round "2.31"]
[White "Tunik, Gennady"]
[Black "Aslanov, Farid"]
[Result "1-0"]
[WhiteElo "2426"]
[BlackElo "2171"]
[PlyCount "145"]
[EventDate "2016.03.01"]
[EventType "swiss"]
[EventRounds "9"]
[EventCountry "RUS"]
[Source "lmi"]
[SourceDate "2016.03.01"]

1. d4 Nf6 2. c4 e6 3. Nf3 b6 4. g3 Bb7 5. Bg2 Be7 6. O-O O-O 7. Nc3 Ne4 8. Nxe4
Bxe4 9. Bf4 d6 10. Qd2 Nd7 11. Rfd1 f5 12. Rac1 h6 13. b4 Nf6 14. Ne1 Bxg2 15.
Nxg2 g5 16. Be3 Qe8 17. f3 Qh5 18. Qc2 d5 19. Qb3 Rf7 20. Bf2 Qg6 21. Ne3 f4
22. gxf4 gxf4+ 23. Kh1 Ne4 24. fxe4 fxe3 25. Rg1 Bg5 26. Qxe3 Kh7 27. Rxg5 Qxg5
28. Qxg5 hxg5 29. Kg2 dxe4 30. a4 Rd8 31. Be3 Kg6 32. c5 b5 33. a5 c6 34. h4
gxh4 35. Kh3 Rf5 36. Rg1+ Kf7 37. Rg4 Rg8 38. Rxe4 Rf1 39. Kh2 h3 40. Bf4 Rg4
41. e3 Rg2+ 42. Kxh3 Rb2 43. Be5 Rxb4 44. Kg2 Rbb1 45. Rh4 Rg1+ 46. Kf3 Kg6 47.
Rh8 b4 48. Rg8+ Kf7 49. Ra8 b3 50. Rxa7+ Kg6 51. Rb7 b2 52. Ke4 Rge1 53. a6 Re2
54. a7 Ra1 55. Bb8 Ra5 56. Ke5 Rb5 57. Rxb5 cxb5 58. a8=Q b1=Q 59. Kd6 Qf5 60.
Qh1 e5 61. d5 Qf8+ 62. Kc6 Qe8+ 63. Kb7 e4 64. Qg1+ Kh7 65. Qg4 Ra2 66. d6 Qf7+
67. d7 Qd5+ 68. c6 Rc2 69. Qh4+ Kg6 70. Qg3+ Kh7 71. Qd6 Qf7 72. c7 b4 73. d8=Q
1-0

[Event "Aeroflot Open 2016 B"]
[Site "Moscu RUS"]
[Date "2016.03.02"]
[Round "2.32"]
[White "Sychev, Klementy"]
[Black "Iniyan, P."]
[Result "1-0"]
[WhiteElo "2424"]
[BlackElo "2295"]
[PlyCount "83"]
[EventDate "2016.03.01"]
[EventType "swiss"]
[EventRounds "9"]
[EventCountry "RUS"]
[Source "lmi"]
[SourceDate "2016.03.01"]

1. d4 Nf6 2. c4 g6 3. Nc3 Bg7 4. e4 d6 5. Nf3 O-O 6. Be2 e5 7. Be3 Nc6 8. d5
Ne7 9. Nd2 Nd7 10. O-O f5 11. f3 f4 12. Bf2 g5 13. b4 Rf6 14. c5 Rh6 15. cxd6
cxd6 16. Nb5 b6 17. Nc4 Nf8 18. Kh1 Bd7 19. Nbxd6 Qb8 20. Nf5 Nxf5 21. exf5
Bxf5 22. Rc1 e4 23. Bd4 exf3 24. gxf3 Bxd4 25. Qxd4 Nd7 26. Rg1 Rg6 27. d6 h6
28. Bd3 Bxd3 29. Qxd3 Rg7 30. Qd5+ Kh8 31. Rce1 Nf6 32. Qd4 Ng8 33. d7 Qc7 34.
Re8 Rd8 35. Rxd8 Qxd8 36. Rd1 g4 37. Ne5 Kh7 38. Nc6 Qh4 39. d8=Q Qh3 40. Qxg7+
Kxg7 41. Qd7+ Kh8 42. Qxg4 1-0

[Event "Aeroflot Open 2016 B"]
[Site "Moscu RUS"]
[Date "2016.03.02"]
[Round "2.33"]
[White "Dai, Changren"]
[Black "Nikolenko, Oleg"]
[Result "0-1"]
[WhiteElo "2353"]
[BlackElo "2511"]
[PlyCount "92"]
[EventDate "2016.03.01"]
[EventType "swiss"]
[EventRounds "9"]
[EventCountry "RUS"]
[Source "lmi"]
[SourceDate "2016.03.01"]

1. e4 e5 2. Nf3 Nc6 3. Bb5 a6 4. Ba4 Nf6 5. O-O Be7 6. Re1 b5 7. Bb3 d6 8. c3
O-O 9. h3 Na5 10. Bc2 c5 11. d4 Nd7 12. d5 Nb6 13. Nbd2 f5 14. exf5 Bxf5 15.
Ne4 Qd7 16. b3 h6 17. Nh2 Rf7 18. Nf1 Raf8 19. Nfg3 Bh7 20. Be3 Nb7 21. Qd2 Bh4
22. Rad1 Nc8 23. Qe2 Bxg3 24. fxg3 Ne7 25. g4 Ng6 26. Ng3 Nh4 27. Bxh7+ Kxh7
28. Qc2+ Kg8 29. Qe4 Qd8 30. Nh5 g6 31. Ng3 Kg7 32. Re2 Qa5 33. Bd2 Nd8 34. Qe3
g5 35. Qe4 Kh8 36. Nh5 Qb6 37. Be3 Qa5 38. Rc1 Qa3 39. Rcc2 Rf1+ 40. Kh2 Qa5
41. Rf2 Qc7 42. Rxf1 Rxf1 43. g3 Nf3+ 44. Kg2 Qf7 45. Bf2 Nh2 46. Qf5 Qxd5+ 0-1

[Event "Aeroflot Open 2016 B"]
[Site "Moscu RUS"]
[Date "2016.03.02"]
[Round "2.34"]
[White "Babujian, Levon"]
[Black "Vaishali, R."]
[Result "1/2-1/2"]
[WhiteElo "2491"]
[BlackElo "2337"]
[PlyCount "194"]
[EventDate "2016.03.01"]
[EventType "swiss"]
[EventRounds "9"]
[EventCountry "RUS"]
[Source "lmi"]
[SourceDate "2016.03.01"]

1. e4 e5 2. Nc3 Nf6 3. Bc4 Nc6 4. d3 Na5 5. Nge2 Be7 6. O-O d6 7. a4 Nxc4 8.
dxc4 O-O 9. Qd3 Be6 10. Nd5 c6 11. Nxe7+ Qxe7 12. Nc3 Rad8 13. b3 Nh5 14. Qe3
f5 15. Qxa7 f4 16. f3 Rf6 17. Ba3 Rg6 18. Rad1 Bh3 19. Rf2 Qg5 20. Rdd2 Qh4 21.
Kf1 Bc8 22. Qb6 Re8 23. Rxd6 Qxh2 24. Rxg6 hxg6 25. Ke2 Ng3+ 26. Kd2 Nh1 27.
Re2 Ng3 28. Re1 Qxg2+ 29. Kc1 Qxf3 30. Kb2 g5 31. a5 Qh5 32. a6 bxa6 33. Qxc6
Qf7 34. Nd5 f3 35. Bc5 g4 36. Rg1 Bd7 37. Qb7 Nxe4 38. Ne7+ Rxe7 39. Bxe7 Bf5
40. Rh1 Qe6 41. Qa8+ Kf7 42. Qf8+ Kg6 43. Bh4 Qd7 44. Qb8 Qd4+ 45. Ka2 Nd6 46.
Be7 Nc8 47. Bf8 f2 48. Qc7 Bd7 49. Bc5 Qe4 50. Qxd7 Qxh1 51. Qxg4+ Kh7 52. Qf5+
g6 53. Qd7+ Kh6 54. Bxf2 Qe4 55. Kb2 Qf5 56. Be3+ Kh5 57. Qd1+ Kh4 58. Qh1+ Kg3
59. Qg1+ Kf3 60. Qf2+ Kg4 61. Qg2+ Kh5 62. c5 e4 63. Qe2+ Kh4 64. Qxa6 Ne7 65.
Bd4 Nd5 66. c6 e3 67. Qc4 Qg4 68. Bxe3 Qxc4 69. Bf2+ Kg4 70. bxc4 Ne7 71. c7
Kf5 72. c5 Ke6 73. Bh4 Nc8 74. Bg3 Kd7 75. Bd6 Na7 76. c4 Nc6 77. Kc3 Kc8 78.
Kd3 g5 79. Ke4 g4 80. Ke3 Na5 81. Kd4 Nc6+ 82. Kd5 Nb4+ 83. Ke4 Nc6 84. Bg3 Na5
85. Kd5 Nc6 86. Bf4 Nb4+ 87. Kd4 Nc6+ 88. Ke4 Na5 89. Kd5 Nb3 90. c6 Na5 91.
Bd6 Nb3 92. Bg3 Nd2 93. Bf4 Nb3 94. Bd6 Nd2 95. Kd4 g3 96. Bxg3 Nxc4 97. Bf2
Na5 1/2-1/2

[Event "Aeroflot Open 2016 B"]
[Site "Moscu RUS"]
[Date "2016.03.02"]
[Round "2.35"]
[White "Kotanjian, Tigran"]
[Black "Elistratov, Semen"]
[Result "1-0"]
[WhiteElo "2487"]
[BlackElo "2335"]
[PlyCount "120"]
[EventDate "2016.03.01"]
[EventType "swiss"]
[EventRounds "9"]
[EventCountry "RUS"]
[Source "lmi"]
[SourceDate "2016.03.01"]

1. c4 e5 2. Nc3 Nf6 3. g3 d5 4. cxd5 Nxd5 5. Bg2 Nb6 6. Nf3 Nc6 7. O-O Be7 8.
b3 O-O 9. Bb2 Be6 10. Rc1 f6 11. Ne4 Qe8 12. Nc5 Bxc5 13. Rxc5 Rd8 14. Qb1 Rf7
15. Rfc1 Rfd7 16. d3 Qf7 17. Nd2 Nd5 18. Rb5 Nd4 19. Bxd4 exd4 20. Rxb7 Nc3 21.
Rxc3 dxc3 22. Ne4 c6 23. Rxd7 Qxd7 24. Qc2 Bd5 25. Qxc3 Qe7 26. e3 Qa3 27. Qc2
Qb4 28. h4 Qe1+ 29. Kh2 Kh8 30. d4 Qa5 31. Nc5 Re8 32. h5 Qc7 33. Bxd5 cxd5 34.
Qf5 Qf7 35. b4 g6 36. hxg6 hxg6 37. Qf4 Kg7 38. Qd6 g5 39. Kg2 Kg6 40. b5 Rh8
41. Nd7 Kg7 42. Qc6 Qg6 43. Qe6 Qf7 44. Qf5 Rh6 45. g4 Rh8 46. Nc5 Re8 47. a4
Re7 48. a5 Re8 49. b6 axb6 50. axb6 Rb8 51. b7 Rxb7 52. Nxb7 Qxb7 53. Qe6 Qa8
54. Qe7+ Kg6 55. Qd7 Kh6 56. Qf7 Qc6 57. Kg3 Qd6+ 58. f4 gxf4+ 59. exf4 Qc6 60.
Kh4 Qc1 1-0

[Event "Aeroflot Open 2016 B"]
[Site "Moscu RUS"]
[Date "2016.03.02"]
[Round "2.36"]
[White "Badmatsyrenov, Oleg"]
[Black "Hojjatova, Aydan"]
[Result "1-0"]
[WhiteElo "2475"]
[BlackElo "2323"]
[PlyCount "63"]
[EventDate "2016.03.01"]
[EventType "swiss"]
[EventRounds "9"]
[EventCountry "RUS"]
[Source "lmi"]
[SourceDate "2016.03.01"]

1. e4 e6 2. Qe2 c5 3. b3 Nc6 4. Bb2 Nd4 5. Qd3 Ne7 6. Bxd4 cxd4 7. Qxd4 Nc6 8.
Qe3 d5 9. Bb5 Be7 10. Nf3 O-O 11. Bxc6 bxc6 12. O-O dxe4 13. Qxe4 Rb8 14. Nc3
c5 15. Rad1 Rb4 16. Qe3 Bb7 17. h3 Bd6 18. Ne5 Rh4 19. f4 Re8 20. d3 f6 21. Nc4
Bc7 22. d4 Qb8 23. dxc5 Bxf4 24. Rxf4 Qxf4 25. Qxf4 Rxf4 26. Rd7 Ba6 27. Nd6
Rf8 28. Rxa7 Bc8 29. c6 Rd8 30. Ncb5 e5 31. Ra8 e4 32. c7 1-0

[Event "Aeroflot Open 2016 B"]
[Site "Moscu RUS"]
[Date "2016.03.02"]
[Round "2.37"]
[White "Kashlinskaya, Alina"]
[Black "Kostromin, Mikhail"]
[Result "1-0"]
[WhiteElo "2454"]
[BlackElo "2322"]
[PlyCount "55"]
[EventDate "2016.03.01"]
[EventType "swiss"]
[EventRounds "9"]
[EventCountry "RUS"]
[Source "lmi"]
[SourceDate "2016.03.01"]

1. d4 Nf6 2. c4 e6 3. Nc3 c5 4. d5 exd5 5. cxd5 d6 6. e4 g6 7. f4 Bg7 8. Bb5+
Nfd7 9. Nf3 O-O 10. O-O a6 11. Bd3 b5 12. Qe1 Nb6 13. f5 N8d7 14. Bf4 c4 15.
Bc2 Ne5 16. Nxe5 Bxe5 17. Bxe5 dxe5 18. f6 Qd6 19. Qh4 Re8 20. Rf3 Bd7 21. g4
Qf8 22. Kh1 h6 23. Rg1 Kh7 24. Rh3 a5 25. Qg5 b4 26. Nd1 a4 27. Ne3 b3 28. Nf5
1-0

[Event "Aeroflot Open 2016 B"]
[Site "Moscu RUS"]
[Date "2016.03.02"]
[Round "2.38"]
[White "Murtazin, Bulat"]
[Black "Melia, Salome"]
[Result "0-1"]
[WhiteElo "2315"]
[BlackElo "2452"]
[PlyCount "86"]
[EventDate "2016.03.01"]
[EventType "swiss"]
[EventRounds "9"]
[EventCountry "RUS"]
[Source "lmi"]
[SourceDate "2016.03.01"]

1. d4 Nf6 2. c4 e6 3. Nc3 Bb4 4. Qc2 O-O 5. a3 Bxc3+ 6. Qxc3 d6 7. Nf3 Nbd7 8.
e3 Re8 9. Be2 e5 10. O-O e4 11. Nd2 Nf8 12. f3 exf3 13. Bxf3 Ng6 14. b3 Qe7 15.
e4 c5 16. Bb2 cxd4 17. Qxd4 Ne5 18. Rad1 Nfd7 19. Nb1 Nc5 20. Qe3 Be6 21. Be2
a5 22. Nc3 Ra6 23. Nb5 f6 24. Rd2 a4 25. Rfd1 Nxb3 26. Rxd6 Nf7 27. Rb6 Rxb6
28. Qxb6 Rc8 29. Nc3 Bxc4 30. Bxc4 Rxc4 31. Kh1 h6 32. h3 Rc6 33. Qb5 Nc5 34.
Nxa4 Nxe4 35. Kg1 Ng3 36. Qd3 Rd6 37. Qb3 Rxd1+ 38. Qxd1 Qe3+ 39. Kh2 Ne2 40.
Ba1 Ng5 41. Qd5+ Kh8 42. Qc5 Qg3+ 43. Kh1 Qe1+ 0-1

[Event "Aeroflot Open 2016 B"]
[Site "Moscu RUS"]
[Date "2016.03.02"]
[Round "2.39"]
[White "Balashov, Yuri S"]
[Black "Gomes, Mary Ann"]
[Result "0-1"]
[WhiteElo "2408"]
[BlackElo "2312"]
[PlyCount "82"]
[EventDate "2016.03.01"]
[EventType "swiss"]
[EventRounds "9"]
[EventCountry "RUS"]
[Source "lmi"]
[SourceDate "2016.03.01"]

1. d4 Nf6 2. c4 e6 3. Nc3 Bb4 4. e3 b6 5. Nge2 Ba6 6. Ng3 Bxc3+ 7. bxc3 d5 8.
Ba3 Bxc4 9. Bxc4 dxc4 10. Qa4+ Qd7 11. Qxc4 Nc6 12. e4 Na5 13. Qb4 O-O-O 14.
O-O Qc6 15. Rfe1 h5 16. h4 Rd7 17. Bc1 Qc4 18. Qxc4 Nxc4 19. Rb1 a5 20. f3 e5
21. Nf5 Ne8 22. dxe5 Nxe5 23. Rb5 Nd3 24. Rd1 Nxc1 25. Rxc1 Nd6 26. Nxd6+ Rxd6
27. c4 c5 28. e5 Re6 29. Rd1 Kc7 30. Rd5 Rhe8 31. f4 f6 32. exf6 Rxf6 33. g3 g6
34. Rb3 Re1+ 35. Kf2 Rc1 36. Kf3 Rxc4 37. Re5 Ra4 38. a3 Rd4 39. Re7+ Kc6 40.
Re8 c4 41. Rbe3 Rfd6 0-1

[Event "Aeroflot Open 2016 B"]
[Site "Moscu RUS"]
[Date "2016.03.02"]
[Round "2.40"]
[White "Erzhanov, Arman"]
[Black "Ziaziulkina, Nastassia"]
[Result "1/2-1/2"]
[WhiteElo "2305"]
[BlackElo "2401"]
[PlyCount "98"]
[EventDate "2016.03.01"]
[EventType "swiss"]
[EventRounds "9"]
[EventCountry "RUS"]
[Source "lmi"]
[SourceDate "2016.03.01"]

1. e4 c5 2. b3 Nc6 3. Bb2 d6 4. Bb5 Bd7 5. f4 Nf6 6. d3 e6 7. Nf3 Be7 8. O-O
O-O 9. Nbd2 Rc8 10. Bxc6 Bxc6 11. Qe1 Nh5 12. Qe3 d5 13. Ne5 d4 14. Qh3 Nf6 15.
a4 Nd7 16. Ndc4 b6 17. Rf3 Bb7 18. f5 exf5 19. Rxf5 Nf6 20. Raf1 Rc7 21. R5f2
Bc8 22. Qg3 Be6 23. Bc1 Ne8 24. Nf3 Nf6 25. h3 Nh5 26. Qe5 Nf6 27. Qh2 Rc8 28.
Bf4 Nh5 29. Bd6 Bxc4 30. Bxe7 Qxe7 31. bxc4 Nf6 32. Nh4 Qc7 33. Nf5 Qxh2+ 34.
Kxh2 Rc7 35. Nxg7 Nxe4 36. Ne6 Re7 37. Nxf8 Nxf2 38. Nxh7 Ng4+ 39. Kg3 Ne3 40.
Nf6+ Kg7 41. Rf2 Re5 42. Ne4 f5 43. Nd6 Kg6 44. Nc8 Nd1 45. Rd2 Re3+ 46. Kh2
Re1 47. Kg3 Re3+ 48. Kh2 Re1 49. Kg3 Re3+ 1/2-1/2

[Event "Aeroflot Open 2016 B"]
[Site "Moscu RUS"]
[Date "2016.03.02"]
[Round "2.41"]
[White "Derakhshani, Dorsa"]
[Black "Musaev, Rasul"]
[Result "1/2-1/2"]
[WhiteElo "2401"]
[BlackElo "2297"]
[PlyCount "120"]
[EventDate "2016.03.01"]
[EventType "swiss"]
[EventRounds "9"]
[EventCountry "RUS"]
[Source "lmi"]
[SourceDate "2016.03.01"]

1. e4 e6 2. d4 d5 3. Nc3 Nf6 4. e5 Nfd7 5. f4 c5 6. Nf3 Nc6 7. Be3 Be7 8. Qd2
O-O 9. dxc5 Nxc5 10. O-O-O a6 11. Qf2 b6 12. g4 f6 13. Qg3 fxe5 14. fxe5 b5 15.
Bxc5 Bxc5 16. Bd3 Nb4 17. g5 Nxd3+ 18. Rxd3 Qb6 19. Ne2 Bd7 20. g6 h6 21. Ned4
b4 22. Kb1 a5 23. Rhd1 a4 24. Qg4 Qa6 25. Ng5 b3 26. Nf7 Bxd4 27. Rxd4 bxc2+
28. Kxc2 Rac8+ 29. Kb1 Qc6 30. R4d2 a3 31. b3 Qc3 32. Rf2 Qe3 33. Qf3 Qxf3 34.
Rxf3 Bb5 35. Rd2 Rc7 36. b4 Be8 37. Rxa3 Bxf7 38. gxf7+ Rfxf7 39. Rb3 Rf4 40.
Kb2 Rb7 41. a3 Kf7 42. Rc2 Kg6 43. b5 Ra4 44. b6 Ra6 45. Rc6 Kf5 46. Rb4 Kxe5
47. a4 Kf6 48. Kc3 Ke7 49. Kd4 Kd7 50. Kc5 Ra5+ 51. Rb5 Rxa4 52. Rd6+ Ke7 53.
Kc6 Rc4+ 54. Kxb7 Kxd6 55. Kb8 d4 56. b7 e5 57. Ka8 Ra4+ 58. Kb8 Rc4 59. Ka8
Ra4+ 60. Kb8 Rc4 1/2-1/2

[Event "Aeroflot Open 2016 B"]
[Site "Moscu RUS"]
[Date "2016.03.02"]
[Round "2.42"]
[White "Von Meijenfeldt, Bart"]
[Black "Arabidze, Meri"]
[Result "1-0"]
[WhiteElo "2295"]
[BlackElo "2390"]
[PlyCount "75"]
[EventDate "2016.03.01"]
[EventType "swiss"]
[EventRounds "9"]
[EventCountry "RUS"]
[Source "lmi"]
[SourceDate "2016.03.01"]

1. e4 c5 2. Nf3 e6 3. d4 cxd4 4. Nxd4 a6 5. c4 Nf6 6. Nc3 Qc7 7. a3 b6 8. Be3
Bb7 9. f3 d6 10. Be2 Be7 11. O-O O-O 12. Qd2 Nbd7 13. Rfc1 Rac8 14. a4 Qb8 15.
a5 bxa5 16. Rxa5 Ne5 17. b3 Rfe8 18. Bf2 d5 19. exd5 exd5 20. Nf5 Bb4 21. Ra4
a5 22. Bd4 h6 23. Rxb4 axb4 24. Nb5 Re6 25. Nbd6 Rd8 26. c5 Bc6 27. Qb2 Ned7
28. Bd3 Qc7 29. Bb1 Kf8 30. Qd2 Ne5 31. Nxg7 Kxg7 32. Nf5+ Kf8 33. Qxh6+ Ke8
34. Ng7+ Kd7 35. Nxe6 Neg4 36. fxg4 Nxg4 37. Nf8+ Rxf8 38. Bf5+ 1-0

[Event "Aeroflot Open 2016 B"]
[Site "Moscu RUS"]
[Date "2016.03.02"]
[Round "2.43"]
[White "Kathmale, Sameer"]
[Black "Charochkina, Daria"]
[Result "1-0"]
[WhiteElo "2216"]
[BlackElo "2381"]
[PlyCount "95"]
[EventDate "2016.03.01"]
[EventType "swiss"]
[EventRounds "9"]
[EventCountry "RUS"]
[Source "lmi"]
[SourceDate "2016.03.01"]

1. e4 c5 2. c3 Nf6 3. e5 Nd5 4. Nf3 Nc6 5. Bc4 e6 6. O-O d6 7. d4 cxd4 8. cxd4
Be7 9. Bd2 O-O 10. Nc3 dxe5 11. dxe5 Nb6 12. Bb3 Na5 13. Bc2 Bd7 14. Ne4 Nac4
15. Bg5 Bc6 16. Qe2 Nxe5 17. Nxe5 Bxg5 18. Nxc6 bxc6 19. Nxg5 Qxg5 20. Qe4 g6
21. Qxc6 Rac8 22. Qe4 Qd2 23. Rac1 Rc4 24. Qd3 Rd8 25. Qxd2 Rxd2 26. Bb3 Rxc1
27. Rxc1 Rxb2 28. g3 a5 29. Rc6 Nd7 30. Rc8+ Kg7 31. Rc7 Ne5 32. Bxe6 a4 33. a3
Rd2 34. Ra7 Kf6 35. Bh3 Rd4 36. Bf1 Nd7 37. Bb5 Nc5 38. Be8 Rd8 39. Bxf7 Rd3
40. Bg8 Rxa3 41. f4 Kf5 42. Kg2 h5 43. Bd5 g5 44. Rf7+ Kg6 45. f5+ Kh6 46. Rf6+
Kh7 47. Rc6 Rc3 48. f6 1-0